Nemzetközi Szállítmányozás Olaszország

Bibliográfiai részletek
Szerző: Gyulai Bence
További közreműködők: Radvány Éva
Dokumentumtípus: Záródolgozat
Kulcsszavak:Logisztika
Szállítmányozás
Ghibli Kft.
Olaszország
Magyarország
Raktározás
Közúti szállítmányozás
Online Access:http://dolgozattar.uni-bge.hu/15481

MARC

LEADER 00000nta a2200000 i 4500
001 dolg15481
005 20200429070526.0
008 180507suuuu hu o 000 hun d
040 |a BGE Dolgozattár Repozitórium  |b hun 
041 |a hu 
100 1 |a Gyulai Bence 
245 1 0 |a Nemzetközi Szállítmányozás  |b Olaszország  |c Gyulai Bence  |h [elektronikus dokumentum] 
246 1 1 |a Nemzetközi Szállítmányozás: Olaszország 
516 |a Final_paper 
695 |a Logisztika 
695 |a Szállítmányozás 
695 |a Ghibli Kft. 
695 |a Olaszország 
695 |a Magyarország 
695 |a Raktározás 
695 |a Közúti szállítmányozás 
700 1 |a Radvány Éva  |e ths 
856 4 0 |u http://dolgozattar.uni-bge.hu/15481/1/Z%C3%81R%C3%93DOLGOZAT.pdf  |z Dokumentum-elérés 
856 4 0 |u http://dolgozattar.uni-bge.hu/15481/7/Gyulai%20Bence%20bizalmas.pdf  |z Dokumentum-elérés